Vývoj rozdílů úhrnné plodnosti ve státech a regionech západní části Evropské unie v letech 1991-2008

Konvergencia demografických charakteristík európskych štátov. Vývoj regionálnej diferenciácie úrovne úhrnnej pôrodnosti v západnej časti Európskej únie na úrovni NUTS 2. Index regionálnej diferenciácie úhrnnej pôrodnosti regiónov NUTS 2 v západnej časti EÚ v rokoch 1991-1993, 1997-1999, 2006-2008. V...

Descripción completa

Guardado en:
Detalles Bibliográficos
Autor principal: Kurkin, Roman
Otros Autores: Šídlo, Luděk
Formato: Capítulo de libro
Lenguaje:checo
Materias:
Etiquetas: Agregar Etiqueta
Sin Etiquetas, Sea el primero en etiquetar este registro!

MARC

LEADER 00000naa a2200000 4500
001 0157845
005 20220426115237.1
041 0 |a cze 
044 |a CZ 
245 1 0 |a Vývoj rozdílů úhrnné plodnosti ve státech a regionech západní části Evropské unie v letech 1991-2008  |c Roman Kurkin, Luděk Šídlo 
520 |a Konvergencia demografických charakteristík európskych štátov. Vývoj regionálnej diferenciácie úrovne úhrnnej pôrodnosti v západnej časti Európskej únie na úrovni NUTS 2. Index regionálnej diferenciácie úhrnnej pôrodnosti regiónov NUTS 2 v západnej časti EÚ v rokoch 1991-1993, 1997-1999, 2006-2008. Vplyv štátneho efektu na úroveň úhrnnej pôrodnosti v regiónoch západnej časti EÚ. Vývoj medzištátnej diferenciácie úrovne úhrnnej pôrodnosti v sledovanej oblasti. 
610 2 0 |a demografia 
610 2 0 |a pôrodnosť 
610 2 0 |a ženy 
610 2 0 |a deti 
610 2 0 |a regióny 
610 2 0 |a porovnanie medzinárodné 
610 2 0 |a indexy 
610 2 0 |a Európska únia 
100 1 |a Kurkin, Roman 
700 1 |a Šídlo, Luděk